Teste rápido de matemática - Teste curto de matemática - Quiz 8 - Statistics

Estatísticas Gerais
  • Esse quiz foi jogado 77 vezes
  • A pontuação média é 15 de 15
Estatísticas das Respostas
Hint Resposta % Correto
2 x 5 = 10
100%
3 x 5 = 15
100%
1 x 5 = 5
100%
4 x 5 = 20
98%
5 x 5 = 25
98%
6 x 5 = 30
98%
7 x 5 = 35
98%
8 x 5 = 40
98%
10 x 5 = 50
98%
11 x 5 = 55
98%
12 x 5 = 60
98%
13 x 5 = 65
98%
14 x 5 = 70
98%
15 x 5 = 75
98%
9 x 5 = 45
97%
Nenhum quiz correspondente encontrado
Distribuição das Pontuações
Porcentagem de Pessoas com Cada Pontuação
Percentil de Números Respondidos
Sua Pontuação Histórica
Você não jogou esse quiz